El nuevo modelo económico: dos informes diferentes /

Gespeichert in:
Bibliographische Detailangaben
1. Verfasser: Ibisate S.F., Francisco Javier
Format: Text
Schlagworte:
Tags: Tag hinzufügen
Keine Tags, Fügen Sie den ersten Tag hinzu!

MARC

LEADER 00000 a a2200000 04500
001 5208
003
040
100 |a Ibisate S.F., Francisco Javier  
245 |a El nuevo modelo económico:   |b dos informes diferentes /  |c Francisco Javier Ibisate S.F. 
650 |a EMPRESA PRIVADA  
650 |a ECONOMIA DE MERCADO  
650 |a EL SALVADOR  
773 |g volumen 61, número 688 -689; páginas 317-325  
999 |c 22069  |d 22069 
773 0 |0 18723  |9 2699  |a Universidad Centroamericana José Simeón Cañas (UCA)  |d San Salvador, El Salvador Universidad Centroamericana José Simeón  |o 01974  |t ECA: